000 00325nam a2200133Ia 4500
008 210210b1951 xxu||||| |||| 00| 0 eng d
082 _a070/93
100 _aMORRIS (Ernest).
245 _aBells of all nations.
260 _aLondon
_bRobert Hale Limited
_c1951
300 _axv,212
690 _aInstruments
906 _a000611
999 _c77125
_d77125